| 000 | 00359cam a2200145ua 4500 | ||
|---|---|---|---|
| 041 |
_amal _h |
||
| 082 |
_a894.8122 _bBHA/PR |
||
| 100 | _aBhasan, . | ||
| 245 |
_aPrathinja / _cBhasan. _hTextual Documents |
||
| 260 |
_aThrissur : _bK.P.Narayana pisharadi, The Geetha press , _c1964. |
||
| 300 | _a84 ; . | ||
| 504 | _a | ||
| 942 | _cBK | ||
| 999 |
_c1271 _d1271 |
||